| 000 | 01013nam a22002417a 4500 | ||
|---|---|---|---|
| 999 |
_c15710 _d15710 |
||
| 003 | MIRAKIL | ||
| 005 | 20240321123308.0 | ||
| 008 | 240321b tu ||||| |||| 00| 0 tur d | ||
| 020 | _a9789751742148 | ||
| 040 |
_aTR-AnCHP _cTR-AnCHP |
||
| 041 | _atur | ||
| 082 |
_a398.5 _bİ62 2019 |
||
| 245 | 1 | 0 |
_aİran Azerbaycanı aşık destanları 2 : _bTufarganlı Abbas ile Gülgez destanı / _canlatan: Tebrizli Aşık Hasan Gaffari ; derleyen hazırlayan: Nabi Kobotarian (Azeroğlu) |
| 260 |
_aAnkara : _bTürk Dil Kurumu, _c2019. |
||
| 300 |
_a278 s. ; _c24 CM. |
||
| 490 | 0 |
_aAtatürk Kültür Dil ve Tarih Yüksek Kurumu Türk Dil Kurumu Yayınları ; _v1298. |
|
| 490 | 0 |
_aTürk Dünyası destanlarının tespiti, Türkiye Türkçesine aktarılması ve yayımlanması projesi ; _v67. |
|
| 500 | _aDizin vardır | ||
| 504 | _aKaynakça: 277-278. ss. | ||
| 650 | 0 |
_97722 _aDestanlar _zİran |
|
| 856 | _zDijital Nüshası için Partimizin Kütüphane Sorumlusu ile iletişime geçiniz. | ||
| 942 |
_2ddc _cBKS |
||